| 000 | 00490nam a2200181Ia 4500 | ||
|---|---|---|---|
| 001 | 913 | ||
| 005 | 20260306140553.0 | ||
| 008 | 260306t1996||||xx |||||||||||||| ||spa|| | ||
| 041 | _aESP | ||
| 082 |
_a174 _bS31 |
||
| 100 |
_aSchmidt, Eduardo, 1939- _eAUT |
||
| 245 | 0 |
_aMoralización a fondo: _bun aporte a la luz de la teoría del desarrollo humano de James W. Fowler |
|
| 260 | _c1996 | ||
| 300 |
_a337 páginas : _c21 cm. |
||
| 650 | _aGEN | ||
| 654 | _aCHU | ||
| 942 |
_cLIB _dJUS _fJUS _2ddc _n |
||
| 999 |
_c913 _d913 |
||